Wszystkie łowiska z gry "Let's Fish" - Statystyki

Ogólne statystyki
  • Ten quiz został rozwiązany 6 razy
  • Średni wynik to 17 z 150
Statystyki odpowiedzi
Kontynent Łowisko % Poprawnych
Ameryka Płd. Amazonka
100%
Europa Atlantyda
100%
Ameryka Płn. Mississippi
100%
Afryka Nil
100%
Antarktyda Antarktyda
50%
Europa Dunaj
50%
Europa Fiord
50%
Ameryka Płn. Floryda
50%
Azja Jangcy
50%
Ameryka Płn. Karaiby
50%
Azja Kraina Jesiotrów
50%
Ameryka Płd. Krater
50%
Afryka Laguna
50%
Ameryka Płn. Lake St. Clair
50%
Ameryka Płn. Lake Superior
50%
Europa Leniwa Rzeczka
50%
Europa Maćkowa Struga
50%
Afryka Madagaskar
50%
Europa Małe Jeziorko
50%
Europa Morze Bałtyckie
50%
Afryka Morze Śródziemne
50%
Europa Rozlewisko
50%
Europa Starożytna Grota
50%
Australia Sydney
50%
Europa Wybrzeże Malty
50%
Afryka Zaginiony Świat
50%
Australia Zaginiony Świat 2
50%
Europa Zatoka Myrada
50%
Europa Zimowe Jeziorko
50%
Ameryka Płn. Alaska
0%
Azja Amur
0%
Azja Bajkał
0%
Azja Bali
0%
Australia Ball's Pyramid
0%
Australia Bezkres Oceanu
0%
Antarktyda Biegun Południowy
0%
Europa Blackpool
0%
Europa Błękitny Cypel
0%
Ameryka Płn. Canaveral
0%
Ameryka Płn. Cannon Beach
0%
Ameryka Płd. Cano Cristales
0%
Afryka Casablanca
0%
Azja Cejlon
0%
Australia Cooper Creek
0%
Europa Czarnogóra
0%
Europa Dalyan
0%
Afryka Delta Nilu
0%
Ameryka Płn. Dry Tortugas
0%
Azja El Nido
0%
Antarktyda Enklawa
0%
Ameryka Płd. Falklandy
0%
Ameryka Płd. Fernando de Noronha
0%
Azja Ganges
0%
Antarktyda Głębia Oceanów
0%
Europa Grobla Olbrzyma
0%
Ameryka Płn. Hawaje
0%
Antarktyda Hope Bay
0%
Europa Islandia
0%
Australia Jezioro Argyle
0%
Ameryka Płn. Jezioro Avalanche
0%
Azja Jezioro Biwa
0%
Europa Jezioro Bodeńskie
0%
Ameryka Płn. Jezioro Chapala
0%
Australia Jezioro Cootharaba
0%
Australia Jezioro Dove
0%
Australia Jezioro Elizabeth
0%
Azja Jezioro Fuji
0%
Ameryka Płd. Jezioro Grey
0%
Afryka Jezioro Kamango
0%
Europa Jezioro Królewskie
0%
Afryka Jezioro Malawi
0%
Afryka Jezioro Nasera
0%
Afryka Jezioro Ounianga
0%
Azja Jezioro Pięciu Kwiatów
0%
Ameryka Płn. Jezioro Saint Jean
0%
Azja Jezioro Słońca i Księżyca
0%
Ameryka Płn. Jezioro Szkieletów
0%
Azja Jezioro Tajmyr
0%
Afryka Jezioro Tanganika
0%
Ameryka Płd. Jezioro Titicaca
0%
Afryka Jezioro Wiktorii
0%
Afryka Jezioro Wolta
0%
Antarktyda Kanał Lemaire
0%
Afryka Kapsztad
0%
Antarktyda Królestwo Gigantów
0%
Azja Kuku-nor
0%
Azja Łacha Rzeczna
0%
Ameryka Płd. Laguna Colorada
0%
Europa Laponia
0%
Afryka Le Morne Brabant
0%
Antarktyda Lodowiec Szelfowy Rossa
0%
Europa Madera
0%
Ameryka Płd. Marmurowe Jaskinie
0%
Azja Mekong
0%
Ameryka Płn. Meksyk
0%
Azja Mezopotamia
0%
Europa Miravet
0%
Europa Mont Saint-Michel
0%
Azja Morze Beringa
0%
Antarktyda Morze Davisa
0%
Azja Morze Południowochińskie
0%
Ameryka Płn. Nowy Jork
0%
Ameryka Płd. Parana
0%
Ameryka Płd. Pitcairn
0%
Ameryka Płd. Plaża Copacabana
0%
Australia Plaża Whitehaven
0%
Australia Półwysep Tasmana
0%
Ameryka Płd. Przylądek Horn
0%
Europa Raj dla Spinningistów
0%
Australia Rajska Plaża
0%
Ameryka Płd. Rio Negro
0%
Ameryka Płn. Rzeka Colorado
0%
Australia Rzeka Darling
0%
Azja Rzeka Indus
0%
Ameryka Płn. Rzeka Mackenzie
0%
Australia Rzeka Murray
0%
Europa Sakirsoy
0%
Ameryka Płn. San Francisco
0%
Ameryka Płd. Santa Marta
0%
Europa Skalna Wyspa
0%
Antarktyda Stacja Caseya
0%
Ameryka Płn. Tahoe
0%
Azja Tonle Sap
0%
Australia Twin Falls
0%
Australia Ukryta Zatoka
0%
Ameryka Płn. Vancouver
0%
Ameryka Płd. Vina Del Mar
0%
Australia Wielka Rafa Koralowa
0%
Ameryka Płn. Wielkie Jezioro Niedźwiedzie
0%
Australia Windjana Gorge
0%
Ameryka Płd. Wodospady Iguazu
0%
Azja Wodospady Kuang Si
0%
Afryka Wybrzeże Szkieletowe
0%
Europa Wybrzeże Trabocchi
0%
Afryka Wyspa La Digue
0%
Azja Wyspa Palawan
0%
Afryka Wyspa Soktora
0%
Ameryka Płd. Wyspa Wielkanocna
0%
Azja Wyspa Wrangla
0%
Ameryka Płd. Wyspy Ballestas
0%
Ameryka Płd. Wyspy Galapagos
0%
Afryka Wyspy Kanaryjskie
0%
Ameryka Płn. Zaginiona Wyspa
0%
Afryka Zambezi
0%
Ameryka Płd. Zatoka Latarnika
0%
Ameryka Płd. Zatoka Marlinów
0%
Ameryka Płn. Zatoka Meksykańska
0%
Azja Zatoka Phang Nga
0%
Australia Zatoka Rekinów
0%
Europa Zielona Dolina
0%
Nie znaleziono quizów pasujących do podanych kryteriów
Rozkład punktacji
Procent ludzi z każdym wynikiem
Percentyl według liczby udzielonych odpowiedzi
Twoja historia wyników
Nie rozwiązałeś tego quizu